LEADER 03596nam 22006615 450 001 9910743385903321 005 20251113203902.0 010 $a981-16-4400-4 010 $a981-16-4399-7 010 $a981-16-4400-4 024 7 $a10.1007/978-981-16-4400-9 035 $a(CKB)5140000000012931 035 $a(MiAaPQ)EBC6747455 035 $a(Au-PeEL)EBL6747455 035 $a(OCoLC)1281979854 035 $a(PPN)258302453 035 $a(DE-He213)978-981-16-4400-9 035 $a(EXLCZ)995140000000012931 100 $a20211007d2022 u| 0 101 0 $aeng 135 $aurcnu|||||||| 181 $ctxt$2rdacontent 182 $cc$2rdamedia 183 $acr$2rdacarrier 200 10$aAdvances in Sustainable Development $eProceedings of HSFEA 2020 /$fedited by N. A. Siddiqui, S. M. Tauseef, S. A. Abbasi, Rajendra Dobhal, Ankur Kansal 205 $a1st ed. 2022. 210 1$aSingapore :$cSpringer Nature Singapore :$cImprint: Springer,$d2022. 215 $a1 online resource (282 pages) 225 1 $aEngineering Series 311 08$a981-16-4399-7 327 $aChapter 1. Advancements in air sampling techniques -- Chapter 2. Extractive techniques used for various metallic elements in water -- Chapter 3. Development of noise quality indices using multi-variant statistics analysis and AI algorithms. Chapter 4. CRZ (costal regulation zone rules and its review worldwide) -- Chapter 5. Development of ground water quality indices using multi-variant statistics analysis and AI algorithms -- Chapter 6. Impact of cement dust on crop production in surrounding of cement industry -- Chapter 7. Quality and health related issues in food processing industries -- Chapter 8. Comparison of carbon footprint of plastic v/s alternative of plastic -- Chapter 9. Hydrodynamic cavitation in waste- water treatment. 330 $aThis book comprises selected papers on advances in the field of health and environment safety that were presented at the International Conference on Advances in the field of Health, Safety, Fire, Environment, Allied sciences and engineering (HSFEA 2020). This book presents a number of research papers which focuses on basic concept of sustainable development and its role in modern world for clean development technology. The book also presents methods that can be used to effectively monitor and measure climate change and global warming. Further, the contents of this work stress the importance of maintaining safety and healthy work environments that are free of occupational health hazards. This book will be of interest to researchers, professionals, and policy makers alike. 410 0$aEngineering Series 606 $aIndustrial engineering 606 $aProduction engineering 606 $aFire prevention 606 $aBuildings$xProtection 606 $aChemicals$xSafety measures 606 $aIndustrial and Production Engineering 606 $aFire Science, Hazard Control, Building Safety 606 $aChemical Safety 615 0$aIndustrial engineering. 615 0$aProduction engineering. 615 0$aFire prevention. 615 0$aBuildings$xProtection. 615 0$aChemicals$xSafety measures. 615 14$aIndustrial and Production Engineering. 615 24$aFire Science, Hazard Control, Building Safety. 615 24$aChemical Safety. 676 $a628 702 $aSiddiqui$b N. A. 801 0$bMiAaPQ 801 1$bMiAaPQ 801 2$bMiAaPQ 906 $aBOOK 912 $a9910743385903321 996 $aAdvances in sustainable development$93560753 997 $aUNINA